000 01869nam0a2200349 i 4500
001 RU\NLR\BIBL_A\010721117
005 20260614030751.0
010 _a9785918794586
_9300
021 _aRU
_b2015-12823
_9778
035 _a(NILC)RuMoRGB-007878327
035 _a(NLR Aleph) 010721117
090 _a9820416
_c9820416
100 _a20150407d2014 k y0rusy50 ca
101 0 _arus
_ager
102 _aRU
105 _ab z 000yy
200 1 _aДиалект Екатериненштадта: истоки и развитие
_fМинор А. Я., Плеве И. Р., Замогильный С. И. [и др.
_gпод ред. А. Я. Минора и др.]
_gНац. исслед. Саратовский гос. ун-т им. Н. Г. Чернышевского, Центр исслед. языковых вариантов рос. немцев (СГУ), Саратовский гос. техн. ун-т им. Ю. А. Гагарина, Лаб. методологии этнокультурных исслед. (ЭТИ СГТУ)
210 _aСаратов
_cСаратовский источник
_d2014
215 _a189 с.
_cкарт.
_d21
300 _aНа обл. авт. не указаны
300 _aТекст частично на нем. яз.
320 _aБиблиогр. в примеч. в конце гл.
606 _aНемецкий язык
_xДиалекты
_yПоволжье
_3RU\NLR\AUTH\66266745
_91382478
686 1 _aШ143.24-53
701 1 _aМинор
_bА. Я.
_gАлександр Яковлевич
_4070
_4340
701 1 _aПлеве
_bИ. Р.
_f1958-
_gИгорь Рудольфович
701 1 _7ca
_8rus
_aЗамогильный
_bС. И.
_gСергей Иванович
_9114400
_3RU\NLR\AUTH\774419
801 0 _aRU
_bРГБ
_c20150302
_gRCR
942 _cBOOK
980 _aNBR